Tang thức người Việt theo công giáo, Phật giáo và theo phong tục, tín ngưỡng truyền thống ở vùng đồng bằng Bắc bộ /

Shranjeno v:
Bibliografske podrobnosti
Glavni avtor: Nguyễn Tất Đạt, ThS.
Format: Bài viết
Jezik:Vietnamese
Teme:
Oznake: Označite
Brez oznak, prvi označite!
Thư viện lưu trữ: Thư viện Trường Đại học Đà Lạt
LEADER 00865nam a2200265 4500
001 DLU100107332
005 ##20100510
040 # # |a DLU  |b vie 
041 # # |a vie 
044 # # |a vn 
100 # # |a Nguyễn Tất Đạt,   |c ThS. 
245 # # |a Tang thức người Việt theo công giáo, Phật giáo và theo phong tục, tín ngưỡng truyền thống ở vùng đồng bằng Bắc bộ /  |c Nguyễn Tất Đạt. 
653 # # |a Nghi lễ truyền thống 
653 # # |a Tín ngưỡng 
653 # # |a Tang lễ 
773 # # |t Nghiên cứu Tôn giáo  |g Số11(65), 2008, tr. 42-50 
920 # # |a Phòng Tạp chí -- Trung tâm Thông tin - Thư viện Trường Đại học Đà Lạt 
994 # # |a DLU 
900 # # |a True 
911 # # |a Nguyễn Thị Linh Chi 
925 # # |a G 
926 # # |a A 
927 # # |a BB 
980 # # |a Thư viện Trường Đại học Đà Lạt